000 00519cam a22001457a 4500
008 180718b-- xxu||||| |||| 00| 0 eng d
082 _aA81x54 91/20/PT 4A & 4B/D
100 _aCensus of India 1991
245 _aPunjab: migration tables
260 _aDelhi
_bThe Controller of Publications
_c--
300 _a2vols.
440 _aCensus of India 1991. Series-20, Punjab. Part VA & VB D series
500 _av.2. 1998. Tables D-13, D-14, D-15, D-16(A), D-16(B) and D-17
650 _aPunjab - Migration, Internal - Census
999 _c486784
_d486784